000 01131nac a22003017a 4500
001 BR8301944
003 BR-BrBNA
005 20240105115653.0
008 230509b bl.|||m| |||| 00| 0 por d
040 _aBR-BrBNA
_bpor
_cBiblioteca Nacional de Agricultura
072 _aK10; E70
090 _a8915 BR8301944
100 1 _aMainieri, C.
100 1 _aChimelo, J.P.
100 1 _aAlfonso, V.A.
110 1 _aInstituto de Pesquisas Tecnologicas do Estado de Sao Paulo S.A., Sao Paulo (Brasil);
110 1 _aCompanhia de Promocao de Pesquisa Cientifica e Tecnologica do Estado de Sao Paulo, Sao Paulo (Brasil)
245 1 _aManual de identificacao das principais madeiras comerciais brasileiras
246 1 _a[Manual for identification of the main commercial Brazilian woods]
260 3 _aSao Paulo, SP (Brasil):
_c1983.
300 _a241 p.
490 _aPublicacoes Especiais - Instituto de Pesquisas Tecnologicas do Estado de Sao Paulo S.A. (Brazil)
_vno. 14
_x
500 _a268 illus.
650 _aMADEIRA
650 _aMERCADO
909 _a202312
_bLúcia Elande
_c55
_dLúcia Elande
942 _2AGRIS
_n0
_cMS
999 _c275844
_d275844